| 000 | 00778nam a2200265Ia 4500 | ||
|---|---|---|---|
| 001 | dia_5878 | ||
| 003 | CHAP | ||
| 005 | 20251023151342.0 | ||
| 008 | 220117s2013 xx 000 0 und d | ||
| 010 | _a177064 | ||
| 020 | _a978-84-15485-54-5 | ||
| 040 | _cCHAP | ||
| 082 | _a664.752 Y37 2013 | ||
| 100 |
_aYarza, Ibán _9160082 |
||
| 245 |
_aPan casero : recetas, técnicas y trucos para hacer pan en casa de manera sencilla / _c Ibán Yarza |
||
| 260 |
_aMéxico : _b Larousse, _c2013 |
||
| 300 | _a206 p. | ||
| 590 | _aTX769 Y37 2013 | ||
| 650 |
_aBakery industry _9147084 |
||
| 650 |
_aIndustria panadera _9147086 |
||
| 901 | _a664.752 Y37 2013 | ||
| 902 | _aM | ||
| 905 | _a5232272013 mx d 8222123322spa16 | ||
| 942 |
_cLIBRO _2ddc |
||
| 999 |
_c177064 _d177064 |
||